Ayurveda For Health And Beauty/ (Record no. 137562)

MARC details
000 -LEADER
fixed length control field 00597nam a22001817a 4500
005 - DATE AND TIME OF LATEST TRANSACTION
control field 20181117105207.0
010 ## - LCCN (DPL NO)
LC control number B-218607 B-218624
020 ## - INTERNATIONAL STANDARD BOOK NUMBER
International Standard Book Number 8183820069
Terms of availability 95.00
035 ## - SYSTEM CONTROL NUMBER
System control number B-218607, B-218596,B-218597 B-218624 B-218626
037 ## - SOURCE OF ACQUISITION
Source of stock number/acquisition DPL
082 ## - DEWEY DECIMAL CLASSIFICATION NUMBER
Edition number 2006
Classification number 615.52
100 ## - MAIN ENTRY--PERSONAL NAME
Personal name Handa, Parvesh
245 ## - TITLE STATEMENT
Title Ayurveda For Health And Beauty/
Statement of responsibility, etc Parvesh Handa
260 ## - PUBLICATION, DISTRIBUTION, ETC. (IMPRINT)
Place of publication, distribution, etc New Delhi
Name of publisher, distributor, etc Lotus Press
Date of publication, distribution, etc 2006
270 ## - ADDRESS
Address 4263/3,Ansari Road,Darya Ganj
City New Delhi
Postal code 110002
Telephone number 30903912
Electronic mail address lotus_press@sify.com
300 ## - PHYSICAL DESCRIPTION
Extent 144P.
Dimensions 22c.m(HB)
942 ## - ADDED ENTRY ELEMENTS (KOHA)
Source of classification or shelving scheme Dewey Decimal Classification
Item type English Books
Classification part 615.52
Call number suffix HAN
Holdings
Withdrawn status Lost status Not for loan Collection code Home library Current library Date acquired Source of acquisition Cost, normal purchase price Full call number Barcode Copy number Cost, replacement price Koha item type
      Non-fiction Kasturba Gandhi Marg Kasturba Gandhi Marg 11/10/2018 BPPD/PUB 95.00 615.52 HAN B-218597 1 95.00 English Books
      Non-fiction Patel Nagar Patel Nagar 04/07/2018 BPPD/Pub 95.00 615.52 HAN B-218596 1 95.00 English Books
      Non-fiction R.C.Libraries (zls) R.C.Libraries (zls) 16/11/2018   95.00 615.52 HAN B-218624   95.00 English Books
      Non-fiction R.C.Libraries (zls) R.C.Libraries (zls) 17/11/2018   95.00 615.52 HAN B-218626   95.00 English Books
    Ordered Non-fiction Sarojini Nagar Sarojini Nagar 13/02/2017 DPL 95.00 615.52 HAN B-218607 1 95.00 English Books
      Non-fiction Yojana Vihar Yojana Vihar 11/07/2019 BPPD/PUB 95.00 615.52 HAN B-218619 1 95.00 English Books

© Delhi Public Library
Hit Counter
free hit counter